| 000 | 01495nam a2200265Ia 4500 | ||
|---|---|---|---|
| 001 | IA_The study also takes into account that organic products are being developed in the Laguna Blanca S. P. R. of R. L. company. They involve the use of the byproducts created by the rice processing (Husk, powder, impurities, vains and ash), is given an aggregate value. This means that products are recycled into the field to contribute to the improvement of the land and thus obtain good-quality organic products with acceptable yields and lower production costs because it is not necessary to purchase some inputs to create organic products incorporate into the soil. | ||
| 002 | ELABORACION DE NUEVOS PRODUCTOS ORGANICOS PARA CON | ||
| 008 | 220117s xx 000 0 und d | ||
| 010 | _a184154 | ||
| 530 | _aDisponible en PDF | ||
| 583 | _a1 ej. Imp. ; 2 ej. en CD | ||
| 650 |
_aArroz _xControl de enfermedades _9156450 |
||
| 650 |
_aArroz _xControl de plagas _9156451 |
||
| 650 |
_aBiofertilizantes _912734 |
||
| 650 |
_aBiofertilizers _9156452 |
||
| 650 |
_aFertilizantes orgánicos _xProducción _9156453 |
||
| 650 |
_aOrganic fertilizers _xProduction _9156454 |
||
| 650 |
_aRice _xDisease Control _9156455 |
||
| 650 |
_aRice _xPest control _9156456 |
||
| 700 |
_aAscencio Rivera, Rogelio, asesor _9163690 |
||
| 700 | 1 |
_aPonce Hernández, Pedro _9147918 |
|
| 700 |
_aReyna Izaguirre, Diana América, asesor _9163691 |
||
| 942 | _cTESIS R49 2010 | ||
| 999 |
_c184154 _d184154 |
||